000 00602nam a2200193Ia 4500
003 GCL
005 20240530102037.0
008 140319s9999 xx 000 0 ara d
040 _aGCL /
_cGCL
082 0 4 _a811.402
_bح ح
100 1 _aحسين محمد نقشة
245 1 0 _aحماسة ابوتمام وشرحها /
_cحسين محمد نقشة
260 _a[S.N] :
_bالهيئة المصرية العامة للكتاب ،
_c1987
300 _a304 ص
650 0 4 _aالشعر العربى
650 0 4 _aالشعر الحماسى
650 0 4 _aدواوين وقصائد
942 _2ddc
_cBK
999 _c29372
_d29372